Red Kayak / (Record no. 5063)

MARC details
000 -LEADER
fixed length control field 00997nam a22002897a 4500
001 - CONTROL NUMBER
control field 5063
003 - CONTROL NUMBER IDENTIFIER
control field FISKH
005 - DATE AND TIME OF LATEST TRANSACTION
control field 20241104134912.0
008 - FIXED-LENGTH DATA ELEMENTS--GENERAL INFORMATION
fixed length control field 241104b cb ||||| |||| 00| 0 eng d
020 ## - INTERNATIONAL STANDARD BOOK NUMBER
International Standard Book Number 97804390270069
040 ## - CATALOGING SOURCE
Original cataloging agency FISKH
Language of cataloging eng
Transcribing agency FISKH
Modifying agency FISKH
050 ## - LIBRARY OF CONGRESS CALL NUMBER
Classification number PZ7.C91483
082 ## - DEWEY DECIMAL CLASSIFICATION NUMBER
Classification number 821.1
100 ## - MAIN ENTRY--PERSONAL NAME
Personal name Cummings , Priscilla
245 ## - TITLE STATEMENT
Title Red Kayak /
Statement of responsibility, etc. by Priscilla Cummings
250 ## - EDITION STATEMENT
Edition statement First Scholastic printing, February 2007
260 ## - PUBLICATION, DISTRIBUTION, ETC.
Place of publication, distribution, etc. New York :
Name of publisher, distributor, etc. Scholastic ;
Date of publication, distribution, etc. 2004.
300 ## - PHYSICAL DESCRIPTION
Extent 209 pages :
Other physical details illustrations ;
Dimensions 20 cm .
505 ## - FORMATTED CONTENTS NOTE
Formatted contents note S <br/>
520 ## - SUMMARY, ETC.
Summary, etc. Living near the water on Maryland's Eastern Shore, thirteen-year-old Brady and his best friends J.T. and Digger become entangled in a tragedy which tests their friendship and their ideas about right and wrong.
521 8# - TARGET AUDIENCE NOTE
Target audience note 800 <br/>
Source Lexile <br/>
521 8# - TARGET AUDIENCE NOTE
Target audience note S <br/>
Source Raz-Plus <br/>
650 ## - SUBJECT ADDED ENTRY--TOPICAL TERM
Topical term or geographic name entry element mystery
Form subdivision realistic fiction
700 ## - ADDED ENTRY--PERSONAL NAME
Personal name Vandervoort, Irene
Relator term designer
942 ## - ADDED ENTRY ELEMENTS (KOHA)
Source of classification or shelving scheme Dewey Decimal Classification
Koha item type Books
Suppress in OPAC No
Holdings
Withdrawn status Lost status Source of classification or shelving scheme Damaged status Not for loan Collection Home library Current library Shelving location Date acquired Total Checkouts Full call number Barcode Date last seen Price effective from Koha item type
    Dewey Decimal Classification     Fiction Footprints International School Library Network Toul Kork Campus Footprints International School Library Network Toul Kork Campus TTP Secondary Fiction Bookshelves 11/04/2024   CUM 821.1 PZ7.C91483 FISSE01089 11/10/2025 11/04/2024 Books